Comuni italiani con la lettera A - Statistics

Statistiche generali
  • Questo quiz è stato fatto 401 volte
  • Il punteggio medio è 69 su 437
Statistiche sulle risposte
PROVINCIA COMUNE % Corretto
Oristano Ales
86%
(provincia) Alessandria
85%
(provincia) Asti
85%
(provincia) Ancona
77%
Padova Arre
76%
(provincia) Avellino
75%
Cuneo Alba
72%
(provincia) Ascoli Piceno
72%
(provincia) Andria
71%
(provincia) Aosta
71%
(provincia) Arezzo
71%
Trento Ala
69%
(Provincia) Agrigento
68%
Catanzaro Albi
63%
Catania Acireale
62%
Milano Abbiategrasso
59%
Chieti Ari
59%
Catania Aci Castello
55%
Napoli Afragola
55%
Napoli Acerra
53%
Trento Arco
53%
Padova Abano Terme
52%
Savona Albenga
50%
Messina Alì
49%
Rovigo Adria
47%
Bari Alberobello
45%
Caserta Aversa
45%
Savona Alassio
44%
Sassari Alghero
44%
Bari Altamura
44%
Como Asso
43%
Latina Aprilia
42%
Milano Assago
42%
Frosinone Anagni
41%
Potenza Anzi
41%
Perugia Assisi
41%
L'Aquila Avezzano
41%
Roma Albano Laziale
39%
Rieti Amatrice
39%
Bergamo Albino
38%
Roma Anzio
38%
Cuneo Alto
37%
Monza Arcore
37%
Alessandria Acqui Terme
36%
Taranto Avetrana
36%
Siracusa Avola
36%
Catania Aci Catena
35%
Frosinone Alatri
35%
Salerno Amalfi
35%
Trapani Alcamo
34%
Verona Affi
32%
Cosenza Amantea
32%
Milano Arese
32%
Roma Ariccia
32%
Vicenza Asiago
32%
Siracusa Augusta
32%
Salerno Agropoli
31%
Teramo Alba Adriatica
31%
Pordenone Aviano
31%
Bari Acquaviva delle Fonti
30%
Varese Agra
30%
Napoli Agerola
29%
Avellino Ariano Irpino
29%
Novara Arona
29%
Teramo Atri
29%
Napoli Anacapri
28%
Palermo Alia
27%
Monza Agrate Brianza
26%
Udine Aquileia
26%
Roma Ardea
26%
Rieti Accumoli
25%
Catania Aci Sant'Antonio
25%
Frosinone Arce
25%
Viterbo Acquapendente
24%
Padova Albignasego
24%
Salerno Angri
24%
Como Appiano Gentile
24%
Foggia Ascoli Satriano
24%
Brescia Acquafredda
23%
Cosenza Acri
23%
Bergamo Alzano Lombardo
23%
Foggia Apricena
23%
Genova Arenzano
23%
Ferrara Argenta
23%
Ascoli Piceno Arquata del Tronto
23%
Napoli Arzano
23%
Cagliari Assemini
23%
Bari Adelfia
22%
Isernia Agnone
22%
Vicena Arzignano
22%
Belluno Auronzo di Cadore
22%
Ragusa Acate
21%
Catania Aci Bonaccorsi
21%
Padova Agna
21%
Trento Andalo
21%
Savona Andora
21%
Sondrio Aprica
21%
Sassari Arzachena
21%
Oristano Assolo
21%
Potenza Avigliano
21%
Pavia Alagna
20%
Lecce Alessano
20%
Belluno Alleghe
20%
Bergamo Almè
20%
Udine Ampezzo
20%
Siena Abbadia San Salvatore
19%
Treviso Asolo
19%
Torino Avigliana
19%
Trento Avio
19%
Catania Adrano
18%
Belluno Agordo
18%
Milano Albairate
18%
Ravenna Alfonsine
18%
Massa/Carrara Aulla
18%
Pordenone Azzano Decimo
18%
Lecco Abbadia Lariana
17%
Potenza Acerenza
17%
Brescia Adro
17%
Enna Agira
17%
Pescara Alanno
17%
Mantova Asola
17%
Chieti Atessa
17%
Terni Acquasparta
16%
Enna Aidone
16%
Palermo Alimena
16%
Vicenza Altavilla Vicentina
16%
Palermo Altofonte
16%
Terni Amelia
16%
Bologna Anzola dell'Emilia
16%
Milano Arconate
16%
Milano Arluno
16%
Frosinone Arpino
16%
Padova Arquà Petrarca
16%
Avellino Atripalda
16%
Avellino Avella
16%
Varese Azzate
16%
Foggia Accadia
15%
Matera Accettura
15%
Messina Acquedolci
15%
Reggio Calabria Africo
15%
Palermo Altavilla Milicia
15%
Pordenone Arba
15%
Salerno Atrani
15%
Cosenza Acquappesa
14%
Ascoli Piceno Acquaviva Picena
14%
Torino Agliè
14%
Palermo Aliminusa
14%
Messina Alì Terme
14%
Belluno Alpago
14%
Avellino Altavilla Irpina
14%
Lucca Altopascio
14%
Udine Amaro
14%
Venezia Annone Veneto
14%
Varese Arcisate
14%
Salerno Ascea
14%
Oristano Abbasanta
13%
Pesaro/Urbino Acqualagna
13%
Caltanissetta Acquaviva Platani
13%
Monza Albiate
13%
Varese Albizzate
13%
Agrigento Alessandria della Rocca
13%
Salerno Alfano
13%
L'Aquila Alfedena
13%
Cosenza Altomonte
13%
Agrigento Aragona
13%
Enna Assoro
13%
Potenza Atella
13%
Frosinone Atina
13%
Terni Attigliano
13%
Salerno Acerno
12%
Vibo Valentia Acquaro
12%
Benevento Airola
12%
Vercelli Alagna Valsesia
12%
Sondrio Albaredo per San Marco
12%
Savona Albisola Superiore
12%
Messina Alcara Li Fusi
12%
Lecce Alezio
12%
Lecce Alliste
12%
Torino Alpignano
12%
Cosenza Amendolara
12%
Belluno Arsiè
12%
Roma Artena
12%
Siena Asciano
12%
L'Aquila Acciano
11%
Bergamo Adrara San Rocco
11%
Udine Aiello del Friuli
11%
Lecco Airuno
11%
Belluno Alano di Piave
11%
Verona Albaredo d'Adige
11%
Foggia Alberona
11%
Como Albese con Cassano
11%
Trento Albiano
11%
Savona Albisola Marina
11%
Bolzano Aldino
11%
Caserta Alife
11%
Bergamo Almenno San Bartolomeo
11%
Bergamo Almenno San Salvatore
11%
Salerno Altavilla Silentina
11%
Chieti Altino
11%
Lecce Andrano
11%
Arezzo Anghiari
11%
Oristano Arborea
11%
Salerno Atena Lucana
11%
Varese Azzio
11%
Bergamo Azzone
11%
Cuneo Acceglio
10%
Frosinone Acquafondata
10%
Pavia Acquanegra sul Chiese
10%
Frosinone Acuto
10%
Bergamo Adrara San Martino
10%
Salerno Albanella
10%
Como Albavilla
10%
Matera Aliano
10%
Aosta Allein
10%
Roma Allumiere
10%
Savona Altare
10%
Trento Altavalle
10%
Treviso Altivole
10%
Avellino Andretta
10%
Varese Angera
10%
Roma Anguillara Sabazia
10%
Benevento Apice
10%
Bolzano Appiano sulla Strada del Vino
10%
Avellino Aquilonia
10%
Frosinone Aquino
10%
Chieti Archi
10%
Alessandria Arquata Scrivia
10%
Udine Artegna
10%
Lodi Abbadia Cerreto
9%
Ascoli Piceno Acquasanta Terme
9%
Roma Affile
9%
Sassari Aggius
9%
Pistoia Agliana
9%
Sassari Aglientu
9%
Cremona Agnadello
9%
Roma Agosta
9%
Caserta Ailano
9%
Torino Ala di Stura
9%
Reggio Emilia Albinea
9%
Sondrio Albosaggia
9%
Brescia Alfianello
9%
Fermo Amandola
9%
Catanzaro Amato
9%
Spezia Ameglia
9%
Novara Ameno
9%
Pordenone Andreis
9%
L'Aquila Anversa degli Abruzzi
9%
Cuneo Argentera
9%
Novara Armeno
9%
Lecce Arnesano
9%
Udine Attimis
9%
Aosta Ayas
9%
Aosta Aymavilles
9%
Pistoia Abetone Cutigliano
8%
Cosenza Acquaformosa
8%
Cremona Acquanegra Cremonese
8%
Campobasso Acquaviva Collecroce
8%
L'Aquilla Aielli
8%
Avellino Aiello del Sabato
8%
Vercelli Albano Vercellese
8%
Parma Albareto
8%
Torino Almese
8%
Piacenza Alseno
8%
Bologna Alto Reno Terme
8%
Benevento Amorosi
8%
Sondrio Andalo Valtellino
8%
Bolzano Andriano
8%
Lecco Annone di Brianza
8%
Bergamo Antegnate
8%
Bolzano Anterivo
8%
Aosta Antey-Saint-Andrè
8%
Foggia Anzano di Puglia
8%
Benevento Apollosa
8%
Lecce Aradeo
8%
Verona Arcole
8%
Vibo Valentia Arena
8%
Caserta Arienzo
8%
Aosta Arnad
8%
Como Arosio
8%
Rovigo Arquà Polesine
8%
Terni Arrone
8%
Roma Arsoli
8%
Udine Arta Terme
8%
Salerno Auletta
8%
Frosinone Ausonia
8%
Bolzano Avelengo
8%
Aosta Avise
8%
Brescia Azzano Mella
8%
Bergamo Azzano San Paolo
8%
Pescara Abbateggio
7%
Potenza Abriola
7%
Isernia Acquaviva d'Isernia
7%
Brescia Agnosine
7%
Cosenza Aieta
7%
Sassari Alà dei Sardi
7%
Potenza Albano di Lucania
7%
Bergamo Albano Sant'Alessandro
7%
Vicenza Albettone
7%
Como Albiolo
7%
Bergamo Algua
7%
Oristano Allai
7%
Como Alta Valle Intelvi
7%
Fermo Altidona
7%
Frosinone Alvito
7%
Frosinone Amaseno
7%
Brescia Anfo
7%
Brescia Angolo Terme
7%
Messina Antillo
7%
Rieti Antrodoco
7%
Sud Sardegna Arbus
7%
Spezia Arcola
7%
Bergamo Ardesio
7%
Verbania Arola
7%
Benevento Arpaia
7%
Varese Arsago Seprio
7%
Vicenza Arsiero
7%
Aosta Arvier
7%
Bergamo Averara
7%
Torino Azeglio
7%
Piacenza Agazzano
6%
Reggio Calabria Agnana
6%
Ancona Agugliano
6%
Vicenza Agugliaro
6%
Monza Aicurzio
6%
Cosenza Aiello Calabro
6%
Torino Airasca
6%
Imperia Airole
6%
Cuneo Aisone
6%
Cosenza Albidona
6%
Trento Aldeno
6%
Cosenza Alessandria del Carretto
6%
Vercelli Alice Castello
6%
Terni Allerona
6%
Vicenza Alonte
6%
Como Alserio
6%
Alessandria Altavilla Monferrato
6%
Vicenza Altissimo
6%
Terni Alviano
6%
Caserta Alvignano
6%
Como Alzate Brianza
6%
Begramo Ambivere
6%
Teramo Ancarano
6%
Torino Andrate
6%
Roma Anticoli Corrado
6%
Verbania Antrona
6%
Verbania Anzola d'Ossola
6%
Salerno Aquara
6%
Vercelli Arborio
6%
Ancona Arcevia
6%
Sondrio Ardenno
6%
Bologna Argelato
6%
Rovigo Ariano nel Polesine
6%
Imperia Armo
6%
Brescia Artogne
6%
Vercelli Asigliano Vercellese
6%
L'Aquila Ateleta
6%
Bergamo Aviatico
6%
Terni Avigliano Umbro
6%
Cremona Azzanello
6%
Novara Agrate Conturbia
5%
Biella Ailoche
5%
Oristano Albagiara
5%
Cuneo Albaretto della Torre
5%
Alessandria Albera Ligure
5%
Torino Albiano d'Ivrea
5%
Pavia Albonese
5%
Asti Albugnano
5%
Pavia Albuzzano
5%
Alessandria Alfiano Natta
5%
Alessandria Alice Bel Colle
5%
Alessandria Alluvioni Piovera
5%
Cosenza Altilia
5%
Catanzaro Amaroni
5%
Padova Anguillara Veneta
5%
Asti Antignano
5%
Macerata Appignano
5%
Treviso Arcade
5%
Grosseto Arcidosso
5%
Vicenza Arcugnano
5%
Reggio Calabria Ardore
5%
Como Argegno
5%
Cuneo Arguello
5%
Chieti Arielli
5%
Benevento Arpaise
5%
Padova Arzergrande
5%
Nuoro Atzara
5%
Genova Avegno
5%
Asti Azzano d'Asti
5%
Asti Agliano Terme
4%
Oristano Aidomaggiore
4%
Torino Alpette
4%
Piacenza Alta Val Tidone
4%
Vercelli Alto Sermenza
4%
Alessandria Alzano Scrivia
4%
Catanzaro Andali
4%
Biella Andorno Micca
4%
Sassari Anela
4%
Verona Angiari
4%
Torino Angrogna
4%
Reggio Calabria Anoia
4%
Reggio Calabria Antonimina
4%
Pesaro/Urbino Apecchio
4%
Macerata Apiro
4%
Ascoli Piceno Appignano del Tronto
4%
Imperia Apricale
4%
Asti Aramengo
4%
Bergamo Arcene
4%
Pavia Arena Po
4%
Torino Arignano
4%
Nuovo Aritzo
4%
Potenza Armento
4%
Sud Sardegna Armungia
4%
Savona Arnasco
4%
Nuoro Arzana
4%
Rieti Ascrea
4%
Vicenza Asigliano Veneto
4%
Oristano Asuni
4%
Verbania Aurano
4%
Nuoro Austis
4%
Pavia Albaredo Arnaboldi
3%
Trento Altopiano della Vigolana
3%
Trento Amblar Don
3%
Torino Andezeno
3%
Cremona Annicco
3%
Como Anzano del Paro
3%
Imperia Aquila d'Arroscia
3%
Sassari Ardara
3%
Catanzaro Argusto
3%
Verbania Arizzano
3%
Viterbo Arlena di Castro
3%
Frosinone Arnara
3%
Teramo Arsita
3%
Imperia Aurigo
3%
Alessandria Avolasca
3%
Cosenza Aprigliano
2%
Oristano Ardauli
2%
Bergamo Arzago d'Arda
1%
Nessun quiz corrispondente trovato
Distribuzione punteggi
Percentuale di utenti per punteggio
Percentile per numero di risposta
I tuoi punteggi nel tempo
Non hai fatto questo quiz